Hoofdsteden die het dichtst bij Amsterdam liggen - Sprint van 15 sec - Statistieken

Algemene statistieken
  • Deze quiz is 35 keer genomen
  • De gemiddelde score is 5 van 20
Antwoordstatistieken
km hoofdstad % Correct
173 Brussel
100%
578 Berlijn
81%
358 Londen
62%
430 Parijs
57%
319 Luxemburg
38%
622 Kopenhagen
33%
756 Dublin
29%
914 Oslo
24%
631 Bern
19%
936 Wenen
14%
713 Praag
10%
1125 Stockholm
10%
1098 Warschau
10%
1086 Zagreb
5%
1126 Andorra la Vella
0%
987 Bratislava
0%
989 Ljubljana
0%
979 Monaco
0%
1091 San Marino
0%
670 Vaduz
0%
Geen overeenkomende quizzen gevonden
Scoreverdeling
Procent van Mensen met Elke Score
Percentiel versus Aantal Correcte Antwoorden
Uw Scoregeschiedenis
U heeft deze quiz nog niet genomen